<?xml version="1.0" encoding="UTF-8"?><?xml-stylesheet type="text/xsl" href="static/style.xsl"?><OAI-PMH xmlns="http://www.openarchives.org/OAI/2.0/" xmlns:xsi="http://www.w3.org/2001/XMLSchema-instance" xsi:schemaLocation="http://www.openarchives.org/OAI/2.0/ http://www.openarchives.org/OAI/2.0/OAI-PMH.xsd"><responseDate>2026-06-03T20:21:41Z</responseDate><request verb="GetRecord" identifier="oai:riuma.uma.es:10630/16356" metadataPrefix="marc">https://riuma.uma.es/rest/oai/request</request><GetRecord><record><header><identifier>oai:riuma.uma.es:10630/16356</identifier><datestamp>2026-02-03T12:26:42Z</datestamp><setSpec>com_10630_2254</setSpec><setSpec>col_10630_37959</setSpec></header><metadata><record xmlns="http://www.loc.gov/MARC21/slim" xmlns:dcterms="http://purl.org/dc/terms/" xmlns:doc="http://www.lyncode.com/xoai" xmlns:xsi="http://www.w3.org/2001/XMLSchema-instance" xsi:schemaLocation="http://www.loc.gov/MARC21/slim http://www.loc.gov/standards/marcxml/schema/MARC21slim.xsd">
   <leader>00925njm 22002777a 4500</leader>
   <datafield ind2=" " ind1=" " tag="042">
      <subfield code="a">dc</subfield>
   </datafield>
   <datafield ind2=" " ind1=" " tag="720">
      <subfield code="a">García-Bonilla, María</subfield>
      <subfield code="e">author</subfield>
   </datafield>
   <datafield ind2=" " ind1=" " tag="720">
      <subfield code="a">Shumilov, Kirill</subfield>
      <subfield code="e">author</subfield>
   </datafield>
   <datafield ind2=" " ind1=" " tag="720">
      <subfield code="a">Vitorica Ferrández, Javier</subfield>
      <subfield code="e">author</subfield>
   </datafield>
   <datafield ind2=" " ind1=" " tag="720">
      <subfield code="a">García-Martín, María Luisa</subfield>
      <subfield code="e">author</subfield>
   </datafield>
   <datafield ind2=" " ind1=" " tag="720">
      <subfield code="a">Muñoz, Carmen</subfield>
      <subfield code="e">author</subfield>
   </datafield>
   <datafield ind2=" " ind1=" " tag="720">
      <subfield code="a">Claros-Gil, Silvia</subfield>
      <subfield code="e">author</subfield>
   </datafield>
   <datafield ind2=" " ind1=" " tag="720">
      <subfield code="a">Gutiérrez-Pérez, Antonia</subfield>
      <subfield code="e">author</subfield>
   </datafield>
   <datafield ind2=" " ind1=" " tag="720">
      <subfield code="a">Jiménez-Lara, Antonio Jesús</subfield>
      <subfield code="e">author</subfield>
   </datafield>
   <datafield ind2=" " ind1=" " tag="260">
      <subfield code="c">2018-07-25</subfield>
   </datafield>
   <datafield ind2=" " ind1=" " tag="520">
      <subfield code="a">In congenital hydrocephalus, cerebrospinal fluid accumulation is associated to ischemia/hypoxia, metabolic impairment, neuronal damage and astrocytic reaction, which cause significant mortality and life-long neurological complications. Currently, there are no effective therapies for congenital hydrocephalus. Bone marrow-derived mesenchymal stem cells (BM-MSC) are considered as a potential therapeutic tool for neurodegenerative diseases due to their ability for migrating and producing neuroprotector factors when they are transplanted.&#xd;
The aim of this research was to study the ability of BM-MSC to reach the degenerated regions and to detect their neuroprotector effects, using an animal model of congenital hydrocephalus, the hyh mouse.&#xd;
Fluorescent BM-MSC were analyzed by flow-cytometry and multilineage cell differentiation. BM-MSC were brain-ventricle injected into hyh mice. Wild-type and saline-injected hyh mice were used as controls. Inmunohistochemical, RT-PCR and High Resolution Magic Angle Spinning spectroscopy (HRMAS) analyses were carried out.&#xd;
After administration, integrated BM-MSC were identified inside the periventricular astrocyte reaction. They were detected producing glial-derived neuroprotector factor (GDNF), neural growth factor (NGF), and brain-derived neuroprotector factor (BDNF). Tissue recovery was detected with a reduction of apoptotic cells in the periventricular walls and of the levels of glutamate, glutamine, taurine, and creatine, all of them markers of tissue damage in hydrocephalus.</subfield>
   </datafield>
   <datafield ind1="8" ind2=" " tag="024">
      <subfield code="a">https://hdl.handle.net/10630/16356</subfield>
   </datafield>
   <datafield tag="653" ind2=" " ind1=" ">
      <subfield code="a">Hidrocefalia</subfield>
   </datafield>
   <datafield ind2="0" ind1="0" tag="245">
      <subfield code="a">Bone marrow-derived mesenchymal stem cells transplantation produces a tissue recovery in hydrocephalic mice</subfield>
   </datafield>
</record>
</metadata></record></GetRecord></OAI-PMH>